000 01320nam a2200253Ia 4500
003 Ost
005 20260507075604.0
008 260507s9999||||xx |||||||||||||| ||und||
040 _cfsecg
041 _aara
082 _a350
100 _aفياض ، محمود أحمد
_eمؤلف
245 0 _aمبادئ الادارة (2) :
_b (وظائف المنظمة) /
_c محمود أحمد فياض
246 _aPrinciples of Management (2) : Functions of Organization
260 _aعمان:
_bدار صفاء للنشر والتوزيع,
_c2010
300 _a298 صفحة؛
_bإيضاحات ؛
_c24 سم
520 _aبيئة منظمة الاعمال ومكوناتها، التخطيط الاستراتيجي، ادارة الانتاج والعمليات، ادارة التسويق، التوظيف وتقويم أداء العاملين، تدريب العاملين أثناء الخدمة، الادارة المالية، العلاقات العامة، ادارة البحث والتطوير، ادارة التغيير والتطوير التنظيمي
653 _aالادارة
653 _aالتخطيط
653 _aالتسويق
700 _aعليان، ربحي مصطفى
_eمؤلف ثانوي
700 _aقدادة، عيسى يوسف
_eمؤلف ثانوي
942 _cكتاب
999 _c45029
_d45029